Updated Banking and financial dictionary : (Record no. 21965)
[ view plain ]
| 000 -LEADER | |
|---|---|
| fixed length control field | 01992nam a22003135a 4500 |
| 001 - CONTROL NUMBER | |
| control field | BFX7981BB |
| 005 - DATE AND TIME OF LATEST TRANSACTION | |
| control field | 20160717120543.0 |
| 008 - FIXED-LENGTH DATA ELEMENTS--GENERAL INFORMATION | |
| fixed length control field | 890605t2012 ua frd 000 0 mul d |
| 020 ## - INTERNATIONAL STANDARD BOOK NUMBER | |
| International Standard Book Number | 9789771304012 |
| 035 ## - SYSTEM CONTROL NUMBER | |
| System control number | (OCoLC)ocm19816586 |
| 040 ## - CATALOGING SOURCE | |
| Original cataloging agency | IUL |
| Language of cataloging | eng |
| Transcribing agency | IUL |
| Modifying agency | EG-ScBUE |
| 041 0# - LANGUAGE CODE | |
| Language code of text/sound track or separate title | eng |
| -- | fre |
| -- | ara |
| 082 04 - DEWEY DECIMAL CLASSIFICATION NUMBER | |
| Classification number | 332.03 |
| Item number | ELA |
| Edition number | 22 |
| 100 1# - MAIN ENTRY--PERSONAL NAME | |
| Personal name | El Assiouty, Magdi Nafed. |
| 9 (RLIN) | 40330 |
| 245 10 - TITLE STATEMENT | |
| Title | Updated Banking and financial dictionary : |
| Remainder of title | English, French, Arabic / |
| Statement of responsibility, etc | by Magdi Nafed El Assiouty ; with the collaboration of Amal M. El Assiouty, Salwa M. El Assiouty, Adel M. El Assiouty = معجم المصطلحات المصرفية والمالية : إنجليزي - فرنسي - عربي / إعداد مجدي نافد الأسيوطي ؛ بالإشتراك مع أمال مجدي الأسيوطي، سلوى مجدي الأسيوطي، عادل مجدي الأسيوطي. |
| 250 ## - EDITION STATEMENT | |
| Edition statement | 5th Updated ed. |
| 260 ## - PUBLICATION, DISTRIBUTION, ETC. (IMPRINT) | |
| Place of publication, distribution, etc | Cairo : |
| Name of publisher, distributor, etc | [M. N. El Assiouty], |
| Date of publication, distribution, etc | c.2012. |
| 300 ## - PHYSICAL DESCRIPTION | |
| Extent | 1319 p. ; |
| Dimensions | 24 cm. |
| 520 ## - SUMMARY, ETC. | |
| Summary, etc | Fifth edition including latest international and numerical terms in : Banking, Finance, Commerce, Cyber Commerce, Customs, Economics, e-Transaction, Export, Import, Insurance, Law, Stock Exchange, Internet ... = الطبعة الخامسة ويتضمن أحدث المصطلحات الدولية الرقمية في : المصارف، المال، التجارة الإلكترونية، الجمارك، الاقتصاد، الصفقات الإلكترونية، التصدير، الاستيراد، التأمين، القانون، سوق المال، الإنترنت ... |
| 546 ## - LANGUAGE NOTE | |
| Language note | Text in English, French and Arabic. |
| 650 #0 - SUBJECT ADDED ENTRY--TOPICAL TERM | |
| Topical term or geographic name as entry element | Finance |
| Form subdivision | Dictionaries. |
| Source of heading or term | BUEsh |
| 9 (RLIN) | 19576 |
| 650 #0 - SUBJECT ADDED ENTRY--TOPICAL TERM | |
| Topical term or geographic name as entry element | Banks and banking |
| Form subdivision | Dictionaries. |
| Source of heading or term | BUEsh |
| 9 (RLIN) | 40073 |
| 651 ## - SUBJECT ADDED ENTRY--GEOGRAPHIC NAME | |
| Source of heading or term | BUEsh |
| 653 ## - INDEX TERM--UNCONTROLLED | |
| Resource For college | |
| Arrived date list | July2016 |
| 700 1# - ADDED ENTRY--PERSONAL NAME | |
| Personal name | El Assiouty, Amal Magdi, |
| Relator term | contributor. |
| 700 1# - ADDED ENTRY--PERSONAL NAME | |
| Personal name | El Assiouty, Salwa Magdi, |
| Relator term | contributor. |
| 700 1# - ADDED ENTRY--PERSONAL NAME | |
| Personal name | El Assiouty, Adel Magdi, |
| Relator term | contributor. |
| 942 ## - ADDED ENTRY ELEMENTS (KOHA) | |
| Source of classification or shelving scheme | Dewey Decimal Classification |
| Withdrawn status | Item status | Source of classification or shelving scheme | Damaged status | Not for loan | Vendor | Home library | Current library | Shelving location | Date acquired | Source of acquisition | Cost, normal purchase price | Serial Enumeration / chronology | Total Checkouts | Full call number | Barcode | Date last seen | Cost, replacement price | Koha item type |
|---|---|---|---|---|---|---|---|---|---|---|---|---|---|---|---|---|---|---|
| Dewey Decimal Classification | Baccah | Central Library | Central Library | Ground Floor | 17/07/2016 | Purchase | 180.00 | 25868 | 332.03 ELA | 000032867 | 15/07/2025 | 225.00 | Reference (NB) |